00305nam a2200121Ia 4500008004100000082001500041100001700056245004200073250000900115260004300124300000800167650000800175191201s2008 xx 000 0 und d a658.3bDWT aDWIVEDI, R S 0aTextbook of Human Resource Management aRep. aN.DelhibVikas Publication Housec2008 a397 aMBA